Foundation's Edge
| Main Author: | |
|---|---|
| Format: | Book |
| Published: |
London :
HaperCollins Publisher ,
1982
|
| Subjects: |
MARC
| LEADER | 00000cam a2200000 7i4500 | ||
|---|---|---|---|
| 001 | 0000024126 | ||
| 005 | 20081201.0 | ||
| 008 | 081201 | ||
| 020 | |a 0586058398 | ||
| 090 | 0 | 0 | |a ASI |b ENG |
| 100 | 1 | |a Asimov, Isaac | |
| 245 | 1 | 0 | |a Foundation's Edge |c Isaac Asimov |
| 260 | |a London : |b HaperCollins Publisher , |c 1982 | ||
| 650 | 0 | |a English fiction | |
| 999 | |a 0001038563 |b Book |c Adult Collection |e Cawangan Tangkak | ||
| 999 | |a 0001038564 |b Book |c Adult Collection |e Cawangan Tangkak | ||
| 999 | |a 0001038565 |b Book |c Adult Collection |e Cawangan Sri Merlong | ||